Religiões primitivas (Record no. 45494)

MARC details
000 -Etiqueta do registo
Valores 00548cam a22001931 04500
100 ## - Dados gerais de processamento
Dados gerais 19931218g19449999km y0pory5003 ba
101 0# - Língua de publicação
Língua por
102 ## - País de publicação
País PT
200 1# - Titulo e menção de responsabilidade
Título próprio Religiões primitivas
Primeira menção de responsabilidade Flausino Torres
210 #9 - Publicação
Local de publicação Lisboa
Nome do editor Edições Cosmos,
Data de publicação 1944-
215 ## - Descrição física 
Paginação / Volumes v.
Outras indicações físicas il.
Dimensões 20 cm
225 2# - Colecção 
Título próprio da colecção Biblioteca Cosmos
Indicação de volume 56-57
Número de parte ou secção 3.ª Seccão.
Nome de parte ou secção Filosofia e Religiões. Religiões
Indicação de volume 4-5
327 0# - Nota de conteúdo
Texto da nota 1<U+00BA> V.: 258, [2] p.
675 ## - CDU
Notação 21
700 #1 - Autor principal
Apelido Torres,
Nome Flausino,
Datas 1906-1974
801 #0 - Fonte de origem
País PT
Agência BN
Regras de catalogação RPC
990 ## - Elementos KOHA
Tipo de documento Livro
Holdings
Aquisição Empréstimo Código de barras Cota Permissão de empréstimo Tipo de documento Nota relativa ao exemplar
Biblioteca Municipal de Redondo Biblioteca Municipal de Redondo 056205 21 TOR Consulta presencial Livro oferta de Vergílio Ambrósio

Powered by Koha